Every Oregon City On A Map - Statistics

General Stats
  • This quiz has been taken 267 times
  • The average score is 89 of 241
Answers on the Map
Answers color-coded by a green-red scale on the quiz's map according to % correct below.
 
Answer Stats
County City % Correct
Multnomah Portland
92%
Marion Salem
89%
Lane Eugene
83%
Deschuttes Bend
80%
Jackson Medford
73%
Clatsop Astoria
71%
Washington Beaverton
70%
Multnomah Gresham
67%
Baker Baker City
65%
Clackamas Lake Oswego
65%
Lane Springfield
65%
Wasco The Dalles
65%
Tillamook Tillamook
65%
Coos Coos Bay
64%
Washington Hillsboro
64%
Clackamas Oregon City
64%
Washington Tigard
64%
Benton Corvallis
62%
Klamath Klamath Falls
62%
Lincoln Newport
62%
Josephine Grants Pass
61%
Hood River Hood River
61%
Linn Albany
59%
Marion Keizer
59%
Lincoln Lincoln City
59%
Malheur Ontario
59%
Umatilla Pendleton
59%
Jackson Ashland
58%
Lane Florence
58%
Umatilla Hermiston
58%
Union La Grande
58%
Douglas Roseburg
56%
Deschutes Redmond
55%
Clatsop Seaside
55%
Harney Burns
53%
Deschutes Sisters
53%
Polk Dallas
52%
Yamhill McMinnville
52%
Yamhill Newberg
52%
Washington Tualatin
52%
Umatilla Umatilla
52%
Clackamas West Linn
50%
Clackamas Wilsonville
50%
Clatsop Cannon Beach
48%
Lane Junction City
48%
Jefferson Madras
48%
Columbia St. Helens
48%
Multnomah Troutdale
48%
Lincoln Yachats
48%
Curry Brookings
47%
Grant John Day
47%
Clackamas Molalla
47%
Coos Bandon
45%
Lane Cottage Grove
45%
Curry Gold Beach
45%
Linn Lebanon
45%
Coos North Bend
45%
Clackamas Sherwood
45%
Marion Detroit
44%
Washington Forest Grove
44%
Crook Prineville
44%
Clackamas Sandy
44%
Columbia Scappoose
44%
Linn Sweet Home
44%
Clackamas Canby
42%
Washington Cornelius
42%
Clackamas Estacada
42%
Clackamas Milwaukie
42%
Union Union
42%
Wallowa Wallowa
42%
Marion Woodburn
42%
Wallowa Enterprise
41%
Marion Jefferson
41%
Lake Lakeview
41%
Deschutes La Pine
41%
Tillamook Manzanita
41%
Polk Monmouth
41%
Marion Silverton
41%
Lincoln Waldport
41%
Clatsop Warrenton
41%
Yamhill Yamhill
41%
Polk Independence
39%
Lane Veneta
39%
Sherman Wasco
39%
Columbia Columbia City
38%
Douglas Drain
38%
Harney Hines
38%
Malheur Jordan Valley
38%
Washington King City
38%
Lane Oakridge
38%
Douglas Reedsport
38%
Columbia Vernonia
38%
Gilliam Arlington
36%
Washington Banks
36%
Hood River Cascade Locks
36%
Jackson Central Point
36%
Lincoln Depoe Bay
36%
Wheeler Fossil
36%
Tillamook Garibaldi
36%
Clackamas Happy Valley
36%
Wallowa Joseph
36%
Umatilla Milton-Freewater
36%
Jackson Phoenix
36%
Yamhill Sheridan
36%
Jackson Talent
36%
Malheur Vale
36%
Tillamook Wheeler
36%
Lane Coburg
35%
Coos Coquille
35%
Lane Creswell
35%
Jackson Eagle Point
35%
Multnomah Fairview
35%
Clatsop Gearhart
35%
Clackamas Gladstone
35%
Jackson Jacksonville
35%
Columbia Rainier
35%
Tillamook Rockaway Beach
35%
Marion Stayton
35%
Lincoln Toledo
35%
Umatilla Adams
33%
Marion Aurora
33%
Morrow Boardman
33%
Linn Brownsville
33%
Columbia Clatskanie
33%
Marion Gervais
33%
Linn Harrisburg
33%
Benton Monroe
33%
Douglas Oakland
33%
Malheur Adrian
32%
Yamhill Amity
32%
Grant Canyon City
32%
Yamhill Carlton
32%
Marion Hubbard
32%
Multnomah Maywood Park
32%
Tillamook Nehalem
32%
Malheur Nyssa
32%
Benton Philomath
32%
Douglas Winston
32%
Douglas Yoncalla
32%
Josephine Cave Junction
30%
Gilliam Condon
30%
Yamhill Dayton
30%
Yamhill Dundee
30%
Lane Dunes City
30%
Baker Haines
30%
Coos Lakeside
30%
Sherman Moro
30%
Douglas Myrtle Creek
30%
Coos Myrtle Point
30%
Washington North Plains
30%
Multnomah Wood Village
30%
Douglas Canyonville
29%
Douglas Elkton
29%
Washington Gaston
29%
Marion Mill City
29%
Wasco Mosier
29%
Curry Port Orford
29%
Jackson Rogue River
29%
Umatilla Ukiah
29%
Tillamook Bay City
27%
Linn Halsey
27%
Morrow Heppner
27%
Marion Idanha
27%
Morrow Irrigon
27%
Clackamas Johnson City
27%
Yamhill Lafayette
27%
Lane Lowell
27%
Coos Powers
27%
Clackamas Rivergrove
27%
Linn Scio
27%
Lincoln Siletz
27%
Marion St. Paul
27%
Umatilla Athena
26%
Klamath Chiloquin
26%
Marion Donald
26%
Washington Durham
26%
Union Elgin
26%
Jackson Gold Hill
26%
Baker Halfway
26%
Baker Huntington
26%
Klamath Malin
26%
Wasco Maupin
26%
Klamath Merrill
26%
Jefferson Metolius
26%
Grant Monument
26%
Lake Paisley
26%
Umatilla Pilot Rock
26%
Baker Richland
26%
Sherman Rufus
26%
Marion Sublimity
26%
Baker Sumpter
26%
Baker Unity
26%
Yamhill Willamina
26%
Benton Adair Village
24%
Marion Aumsville
24%
Union Cove
24%
Wasco Dufur
24%
Polk Falls City
24%
Marion Gates
24%
Douglas Glendale
24%
Sherman Grass Valley
24%
Umatilla Helix
24%
Wallowa Lostine
24%
Marion Mt. Angel
24%
Grant Prairie City
24%
Marion Scotts Mills
24%
Jackson Shady Cove
24%
Wasco Shaniko
24%
Wheeler Spray
24%
Lane Tangent
24%
Marion Turner
24%
Umatilla Weston
24%
Wasco Antelope
23%
Clackamas Barlow
23%
Umatilla Echo
23%
Morrow Ione
23%
Union Island City
23%
Grant Long Creek
23%
Wheeler Mitchell
23%
Union North Powder
23%
Union Summerville
23%
Linn Waterloo
23%
Jackson Butte Falls
21%
Grant Dayville
21%
Grant Granite
21%
Baker Greenhorn
21%
Gilliam Lonerock
21%
Linn Lyons
21%
Grant Mount Vernon
21%
Grant Seneca
21%
Lane Westfir
21%
Klamath Bonanza
20%
Linn Millersburg
20%
Linn Sodaville
20%
Jefferson Culver
18%
Union Imbler
18%
Morrow Lexington
18%
Douglas Riddle
18%
Columbia Prescott
15%
Umatilla Stanfield
15%
Douglas Sutherland
8%
No matching quizzes found
Score Distribution
Percent of People with Each Score
Percentile by Number Answered
Your Score History
You have not taken this quiz